Statistics for The Office Ultimate Quiz

Click here to take the quiz!

General Stats

  • This quiz has been taken 1,128 times
  • The average score is 8 of 15

Answer Stats

HintAnswer% Correct
Jans candle range "? by Jan"serenity
80%
Kevin keeps this candy at his deskm&ms
70%
Weight of Angela's baby (pounds)9
68%
Pams mural was defaced with -butts
62%
Kevin makes this special dishchilli
61%
Michael does this with Dwight to say goodbyepaintball
61%
Dunder Mifflin Sabre's answer to the iPadpyramid
58%
Female office worker who hits on JimKathy
57%
Creed Bratton's real namecreed bratton
56%
Dwight had this removed in Tallahassee (surgically)appendix
52%
Dwight Junior's real nameclark
48%
Art institute pam attendspratt
44%
Michael apparantly drinks this every morningmilk and sugar
43%
Erin had lice how many times22
39%
Vending machine christmas gift Darryls son gives to Michaelhostess apple pie
21%

Score Distribution

Percentile by Number Answered

Percent of People with Each Score

Your Score History

You have not taken this quiz